Statistiques concernant Équivalents français de mots québécois

Cliquez ici pour prendre le quiz!

Statistiques générales

  • Ce quiz a été pris 7 497 fois
    (7 256 depuis la dernière actualisation)
  • Le résultat moyen est 7 sur 20

Statistiques - réponses

QuébecEurope% Correct
Melon d'eauPastèque
94%
CharVoiture
91%
Crème glacéeGlace
82%
BlondePetite copine
74%
Jaser (verbe)Parler | Discuter
53%
Faire du pouceAuto-stop
40%
SuçonSucette
30%
SacocheSac à main
29%
LiqueurBoisson gazeuse | Soda
27%
EffaceGomme
26%
AbreuvoirFontaine
25%
TouneChanson
24%
MaringouinMoustique
24%
BoucaneFumée
21%
VidangesOrdures | Poubelle
20%
EspadrillesBaskets
18%
Clavarder (verbe)Chatter
18%
PantoutePas du tout
18%
JambetteCroc-en-jambe
11%
CarcajouGlouton
7%

Distribution des résultats

Percentile par nombre de réponses

% des personnes avec chaque résultat

Votre développement - résultats

Vous n’avez pas pris ce quiz depuis la dernière actualisation